Rapport sur la peine de mort

Guardado en:  
Detalles Bibliográficos
Autor Corporativo: Amnesty International (Otro)
Tipo de documento: Print Libro
Lenguaje:Francés
Publicado: Paris Mazarine 1979
En:Año: 1979
Verificar disponibilidad: HBZ Gateway
Servicio de pedido Subito: Pedir ahora.

MARC

LEADER 00000cam a22000002c 4500
001 1187439460
003 DE-627
005 20220525133726.0
007 tu
008 050510s1979 xx ||||| 00| ||fre c
035 |a (DE-627)1187439460 
035 |a (DE-576)117439460 
035 |a (DE-599)BSZ117439460 
040 |a DE-627  |b ger  |c DE-627  |e rakwb 
041 |a fre 
245 0 0 |a Rapport sur la peine de mort  |c Amnesty International 
264 1 |a Paris  |b Mazarine  |c 1979 
300 |a 367 S.  |b Ill. 
336 |a Text  |b txt  |2 rdacontent 
337 |a ohne Hilfsmittel zu benutzen  |b n  |2 rdamedia 
338 |a Band  |b nc  |2 rdacarrier 
583 1 |a Archivierung prüfen  |c 20200919  |f DE-640  |z 1  |2 pdager 
710 2 |a Amnesty International  |0 (DE-588)2003911-6  |0 (DE-627)101468911  |0 (DE-576)191596671  |4 oth 
730 4 2 |a The death penalty <franz.> 
935 |a mkri 
951 |a BO 
ELC |b 1 
LOK |0 000 xxxxxcx a22 zn 4500 
LOK |0 001 2454774356 
LOK |0 003 DE-627 
LOK |0 004 1187439460 
LOK |0 005 20050510000000 
LOK |0 008 050510||||||||||||||||ger||||||| 
LOK |0 040   |a DE-Frei85  |c DE-627  |d DE-Frei85 
LOK |0 852   |a DE-Frei85 
LOK |0 852 1  |m p  |9 00 
LOK |0 938   |k p 
LOK |0 939   |a 10-05-05  |b l01 
ORI |a SA-MARC-krimdoka001.raw